000 00496nam a2200217 454500
001 048617
003 BD-ChCU
008 Eng
020 _ax
040 _aDLC
_cDLC
_dBD-ChCU
082 0 0 _a370.1/BRM
100 1 _aBrubacher, John S.
_bx
245 1 0 _aModern philosophies of education
_bx
250 _ax
260 _aN.Y.
_bMcGraw - Hill
_c1962
300 _aix, 373
504 _ax
650 0 _aEducation- Philosophy
_bEducation- Philosophy
700 1 _ax
942 _2ddc
_cBK
999 _c48617
_d48617